Normal view
MARC view
- Bhatti, Akhtar Khalid
Entry Personal Name
001 - CONTROL NUMBER
- control field: 37356
003 - CONTROL NUMBER IDENTIFIER
- control field: NUST
005 - DATE AND TIME OF LATEST TRANSACTION
- control field: 20210314130246.0
008 - FIXED-LENGTH DATA ELEMENTS
- fixed length control field: 210314|| aca||aabn | a|a d
040 ## - CATALOGING SOURCE
- Original cataloging agency: NUST
- Transcribing agency: NUST
100 ## - HEADING--PERSONAL NAME
- Personal name: Bhatti, Akhtar Khalid
670 ## - SOURCE DATA FOUND
- Source citation: Work cat.: (NUST): Bhatti, Akhtar Khalid., The Holy Quran on environment /, 1995.
